[Event "Washington Class-ch A"]
[Site "Seattle"]
[Date "2011.11.27"]
[Round "5"]
[White "Garcia, Ricardo R"]
[Black "Kiiru, Joseph"]
[Result "1/2-1/2"]
[WhiteElo "1701"]
[BlackElo "1832"]
[PlyCount "36"]
[EventDate "2011.11.25"]
[EventType "swiss"]
[EventRounds "6"]
[EventCountry "USA"]
[SourceTitle "EXT 2017"]
[Source "ChessBase"]
[SourceDate "2016.10.25"]
[SourceVersion "1"]
[SourceVersionDate "2016.10.25"]
[SourceQuality "1"]

1. d4 d5 2. c4 c6 3. Nc3 e5 4. cxd5 cxd5 5. dxe5 d4 6. Nb1 Qa5+ 7. Bd2 Qxe5 8. Nf3 Qd5 9. Bc3 Nc6 10. Nxd4 Nf6 11. Nxc6 Qxc6 12. Nd2 Be7 13. e3 0-0 14. Qf3 Qa4 15. h3 Rd8 16. Be2 Qc2 17. Bd1 Qd3 18. Be2 Qc2 1/2-1/2